[Event "USCL Week 4"]
[Site "Internet Chess Club"]
[Date "2014.09.17"]
[Round "?"]
[White "Bryant, Todd"]
[Black "Krasik, Ilya"]
[Result "1-0"]
[WhiteElo "2201"]
[BlackElo "2264"]
[PlyCount "48"]
[EventDate "2014.??.??"]

1. d4 Nf6 2. c4 e6 3. Nc3 Bb4 4. Qc2 O-O 5. a3 Bxc3+ 6. Qxc3 b6 7. Bg5 Bb7 8.
Nf3 d6 9. e3 Nbd7 10. Bd3 e5 11. Bf5 exd4 12. Qxd4 Nc5 13. Qh4 h6 14. Bxh6 gxh6
15. Qxh6 Be4 16. g4 Ne6 17. Rg1 Re8 18. g5 Ng4 19. Qh7+ Kf8 20. Bxe4 Nc5 21.
Rxg4 d5 22. g6 Qf6 23. gxf7 Rxe4 24. Rg8+ Ke7 1-0

[Event "USCL Week 4"]
[Site "Internet Chess Club"]
[Date "2014.09.17"]
[Round "?"]
[White "Mo, Kevin"]
[Black "Arencibia, Tony"]
[Result "1-0"]
[WhiteElo "2334"]
[BlackElo "2251"]
[PlyCount "87"]
[EventDate "2014.??.??"]

1. c4 e5 2. Nc3 Nf6 3. a3 d5 4. cxd5 Nxd5 5. e3 Nxc3 6. bxc3 Bd6 7. Nf3 O-O 8.
Qc2 c5 9. Bd3 h6 10. h4 Nd7 11. g4 Nf6 12. g5 e4 13. Bxe4 Nxe4 14. Qxe4 Re8 15.
Qc4 Be6 16. Qe2 Bg4 17. Rg1 h5 18. g6 Rf8 19. gxf7+ Kh8 20. Rxg4 hxg4 21. Ng5
Qf6 22. Qxg4 Qh6 23. Bb2 Be5 24. O-O-O Rac8 25. Qe4 Bf6 26. c4 Bxb2+ 27. Kxb2
Qf6+ 28. Kc2 g6 29. Rg1 Rc6 30. Rb1 b6 31. f4 Qf5 32. d3 Qxe4 33. dxe4 Rc7 34.
Rg1 Re7 35. e5 Kg7 36. h5 Rh8 37. hxg6 Kxg6 38. e6 Kf6 39. Rh1 Rd8 40. Rh6+ Kg7
41. Rh2 Rc7 42. e4 Kf6 43. Nh7+ Kxe6 44. f8=Q 1-0

[Event "USCL Week 4"]
[Site "Internet Chess Club"]
[Date "2014.09.17"]
[Round "?"]
[White "Stripunsky, Alex"]
[Black "Ivanov, Alexander"]
[Result "1/2-1/2"]
[WhiteElo "2656"]
[BlackElo "2589"]
[PlyCount "113"]
[EventDate "2014.??.??"]

1. d4 Nf6 2. c4 e6 3. Nc3 Bb4 4. f3 d5 5. a3 Bd6 6. Bg5 h6 7. Bh4 Be7 8. c5 b6
9. b4 a5 10. e3 O-O 11. Bd3 c6 12. Nge2 Ba6 13. O-O Nbd7 14. Bxa6 Rxa6 15. Qd3
Ra8 16. Rfb1 axb4 17. axb4 Qc7 18. Ra6 Qb7 19. Rba1 b5 20. R6a2 Rxa2 21. Rxa2
Ra8 22. Qb1 Rxa2 23. Qxa2 Bd8 24. e4 Bc7 25. Bxf6 Nxf6 26. e5 Ne8 27. Nf4 Bd8
28. Kf2 Nc7 29. Nd3 Qa6 30. Qb2 Ne8 31. g4 g6 32. Kg3 Ng7 33. Qa2 Qxa2 34. Nxa2
Kf8 35. Nac1 Ke8 36. Nb3 Kd7 37. h4 Be7 38. Nf4 Bd8 39. Kh3 Be7 40. Nd2 Bd8 41.
Nf1 Be7 42. Ng3 Bd8 43. Ng2 Be7 44. Nf4 Bd8 45. h5 Bg5 46. Nd3 gxh5 47. f4
hxg4+ 48. Kxg4 Be7 49. Ne1 f5+ 50. Kh3 Ke8 51. Nf3 Bd8 52. Nd2 Be7 53. Nf3 Bd8
54. Nd2 Be7 55. Nf3 Bd8 56. Nd2 Be7 57. Nf3 1/2-1/2

[Event "USCL Week 4"]
[Site "Internet Chess Club"]
[Date "2014.09.17"]
[Round "?"]
[White "Sevian, Samuel"]
[Black "Bartell, Tom"]
[Result "1/2-1/2"]
[WhiteElo "2571"]
[BlackElo "2448"]
[PlyCount "72"]
[EventDate "2014.??.??"]

1. e4 c6 2. d4 d5 3. e5 Bf5 4. Nf3 e6 5. Be2 c5 6. Be3 cxd4 7. Nxd4 Ne7 8. Nd2
Nbc6 9. N2f3 Be4 10. O-O Bxf3 11. Nxf3 Nf5 12. Bf4 h6 13. g4 Nfe7 14. c4 h5 15.
h3 hxg4 16. hxg4 Ng6 17. Bg3 dxc4 18. Bxc4 Be7 19. Qb3 Qb6 20. Rfd1 Nh4 21.
Bxh4 Bxh4 22. Qxb6 axb6 23. Bb5 Be7 24. Rac1 Rxa2 25. Bxc6+ bxc6 26. Rxc6 O-O
27. Rxb6 Ra4 28. Nh2 Rc8 29. Kg2 Rc2 30. Rb8+ Kh7 31. Rd3 Rf4 32. Rf3 Rxf3 33.
Nxf3 Bc5 34. Ng5+ Kg6 35. Ne4 Bd4 36. Rb5 Bxb2 1/2-1/2

[Event "USCL Week 4"]
[Site "Internet Chess Club"]
[Date "2014.09.17"]
[Round "?"]
[White "Gaston Andretta, Carlos"]
[Black "Balleisen, Aaron"]
[Result "1-0"]
[WhiteElo "2228"]
[BlackElo "2105"]
[PlyCount "115"]
[EventDate "2014.??.??"]

1. Nf3 d5 2. c4 c6 3. g3 Nf6 4. Bg2 Bg4 5. b3 Nbd7 6. Bb2 e6 7. O-O Bd6 8. d3
O-O 9. Na3 Re8 10. Nc2 a5 11. a3 Qe7 12. Rb1 e5 13. h3 Bxf3 14. Bxf3 Qe6 15.
Bg2 Nb6 16. cxd5 cxd5 17. e3 Rac8 18. Qd2 a4 19. bxa4 Nxa4 20. Nb4 Nc5 21. d4
Nce4 22. Qd3 Rc7 23. Rfc1 Rec8 24. Rxc7 Rxc7 25. dxe5 Bxe5 26. Nxd5 Nxd5 27.
Qxe4 Nc3 28. Bxc3 Bxc3 29. Qxe6 fxe6 30. Rxb7 Rxb7 31. Bxb7 Kf7 32. Kf1 Ke7 33.
Ke2 Kd6 34. g4 g5 35. f4 h6 36. Kd3 Bf6 37. Ke4 Kc5 38. Bc8 Kd6 39. a4 Bd8 40.
Kd4 Bb6+ 41. Kd3 Ba5 42. f5 exf5 43. Bxf5 Kc5 44. Bc8 Bb4 45. Bb7 Ba5 46. Ba8
Be1 47. Ke2 Bc3 48. Kf3 Ba5 49. Ke4 Bd2 50. Kd3 Ba5 51. Bb7 Kb4 52. e4 Bc7 53.
Kd4 Kxa4 54. Kd5 Kb4 55. e5 Bd8 56. Kd6 Kc4 57. e6 Kd4 58. e7 1-0

[Event "USCL Week 4"]
[Site "Internet Chess Club"]
[Date "2014.09.17"]
[Round "?"]
[White "Francisco, Richard"]
[Black "Defibaugh, Jared"]
[Result "0-1"]
[WhiteElo "2382"]
[BlackElo "2325"]
[PlyCount "124"]
[EventDate "2014.??.??"]

1. e4 e5 2. Nf3 Nc6 3. Bb5 a6 4. Ba4 Nge7 5. O-O d6 6. c3 Bd7 7. d4 Ng6 8. d5
Nb8 9. c4 Be7 10. Nc3 O-O 11. Be3 f5 12. Bxd7 Nxd7 13. exf5 Rxf5 14. Nd2 Bg5
15. Qg4 Bxe3 16. fxe3 Rxf1+ 17. Rxf1 Qe7 18. Nde4 Rf8 19. Ng5 Rxf1+ 20. Kxf1
Ngf8 21. Ke2 h6 22. Nge4 Qf7 23. b4 b6 24. a4 a5 25. bxa5 bxa5 26. Qf3 Qe8 27.
Nb5 Nb6 28. Qg4 Qf7 29. Nec3 h5 30. Qh4 Qg6 31. Qe4 Nxa4 32. Qxg6 Nxc3+ 33. Kd3
Nxg6 34. Kxc3 Nh4 35. g3 Nf3 36. c5 Kf8 37. c6 Ke7 38. Nxc7 Nxh2 39. Ne6 Nf1
40. Kc4 Nxe3+ 41. Kb5 Nxd5 42. Nxg7 e4 43. Nf5+ Ke6 44. Nd4+ Ke5 45. Ne2 Ne7
46. c7 a4 47. Kxa4 d5 48. Nf4 Kd6 49. Nxh5 Kxc7 50. Kb3 Kd6 51. Kc3 Ke5 52. g4
d4+ 53. Kd2 Ng6 54. Ng3 e3+ 55. Ke2 Nf4+ 56. Kf3 Nh3 57. Nf5 Ng5+ 58. Ke2 Ke4
59. Ng3+ Kf4 60. Nf5 Ne6 61. Kd3 Kf3 62. g5 e2 0-1

[Event "USCL Week 4"]
[Site "Internet Chess Club"]
[Date "2014.09.17"]
[Round "?"]
[White "Korley, Kassa"]
[Black "Becerra, Julio"]
[Result "0-1"]
[WhiteElo "2486"]
[BlackElo "2626"]
[PlyCount "152"]
[EventDate "2014.??.??"]

1. Nf3 Nf6 2. g3 g6 3. Bg2 Bg7 4. O-O O-O 5. d4 d6 6. a4 a5 7. c3 Nbd7 8. Nbd2
e5 9. e4 b6 10. Re1 Bb7 11. Qc2 Bh6 12. h4 Re8 13. Ng5 Bg7 14. d5 h6 15. Ngf3
c6 16. dxc6 Bxc6 17. c4 Rc8 18. Qd1 Nc5 19. Nh2 h5 20. b3 Bh6 21. Nhf1 Nd3 22.
Re2 Nxc1 23. Rxc1 Rc7 24. Re1 Nd7 25. Qc2 Nc5 26. Rcd1 Qa8 27. Nb1 Ne6 28. Nc3
Nd4 29. Qb2 f5 30. Ne3 f4 31. Ned5 Rf7 32. Nb5 Bxb5 33. axb5 Qc8 34. Rxd4 exd4
35. Qxd4 Bg7 36. Qxb6 fxg3 37. fxg3 Be5 38. Qe3 Qg4 39. Qg5 Qxg3 40. Qxg3 Bxg3
41. Ra1 Ra8 42. Ra4 Raa7 43. b6 Rab7 44. Rxa5 Bf2+ 45. Kh1 Bxb6 46. Ra6 Bc5 47.
e5 Ra7 48. Rxd6 Kg7 49. Rc6 Ra1+ 50. Kh2 Bg1+ 51. Kh3 Rb7 52. b4 Ra3+ 53. Bf3
Bd4 54. Kg2 Rf7 55. Rf6 Ra2+ 56. Kh1 Ra1+ 57. Kg2 Ra2+ 58. Kh1 Bxe5 59. Rxf7+
Kxf7 60. c5 Rh2+ 61. Kg1 Rxh4 62. Kf2 Ke6 63. Ke3 g5 64. Be4 Rh3+ 65. Ke2 Rb3
66. c6 g4 67. c7 Bxc7 68. Nxc7+ Ke5 69. Na6 h4 70. Nc5 Ra3 71. Bc6 h3 72. Nd3+
Kd6 73. b5 g3 74. Nf4 h2 75. Bh1 Kc5 76. Bc6 Ra2+ 0-1

[Event "USCL Week 4"]
[Site "Internet Chess Club"]
[Date "2014.09.17"]
[Round "?"]
[White "Gorman, Dov"]
[Black "Shmelov, Denys"]
[Result "1/2-1/2"]
[WhiteElo "2400"]
[BlackElo "2473"]
[PlyCount "125"]
[EventDate "2014.??.??"]

1. e4 c6 2. d4 d5 3. e5 Bf5 4. c4 e6 5. Nc3 Nd7 6. Nge2 Ne7 7. Ng3 Bg6 8. h4 h6
9. h5 Bh7 10. Be3 Nf5 11. Nxf5 Bxf5 12. cxd5 cxd5 13. Qb3 Rb8 14. Rc1 Be7 15.
Qd1 O-O 16. Bd3 Bxd3 17. Qxd3 Rc8 18. Rh3 f5 19. exf6 Nxf6 20. Ke2 Bd6 21. g4
Nh7 22. Qg6 Rf6 23. Qd3 Qf8 24. Rhh1 Bf4 25. Nb5 Re8 26. Rhf1 Ng5 27. Nc3 Qd6
28. Kd2 Ref8 29. Kc2 Bxe3 30. fxe3 Qg3 31. Rxf6 Rxf6 32. Qb5 Qxg4 33. Qxb7 Qf5+
34. Kb3 Rf7 35. Qb8+ Kh7 36. a3 Nf3 37. Ka2 Qxh5 38. Nb5 Qh2 39. Qe8 Ng5 40.
Qa8 Rf2 41. Rb1 Re2 42. Qxa7 Rxe3 43. Qb6 Ne4 44. Rc1 Nd2 45. Qc7 Qf2 46. Qc2+
Ne4 47. Qxf2 Nxf2 48. a4 Rf3 49. Rf1 g5 50. a5 g4 51. a6 g3 52. a7 Rf8 53. Rg1
Ne4 54. Nc7 h5 55. a8=Q Rxa8+ 56. Nxa8 Kg6 57. Nc7 Kf5 58. Rf1+ Nf2 59. b4 h4
60. b5 h3 61. b6 g2 62. Rxf2+ Ke4 63. Re2+ 1/2-1/2

[Event "USCL Week 4"]
[Site "Internet Chess Club"]
[Date "2014.09.17"]
[Round "?"]
[White "Williams, Chris"]
[Black "Minear, Peter"]
[Result "0-1"]
[WhiteElo "2310"]
[BlackElo "2365"]
[PlyCount "128"]
[EventDate "2014.??.??"]

1. e4 e5 2. Nf3 Nc6 3. Bb5 a6 4. Ba4 Nf6 5. d3 d6 6. h3 g6 7. O-O Bg7 8. c3 O-O
9. Nbd2 h6 10. Re1 Be6 11. d4 exd4 12. cxd4 d5 13. e5 Nh7 14. Nf1 Ng5 15. Nxg5
hxg5 16. Be3 b5 17. Bc2 f5 18. exf6 Qxf6 19. Rc1 Bf5 20. Bxf5 gxf5 21. Bxg5 Qg6
22. Qf3 Nxd4 23. Qxd5+ Kh8 24. h4 c6 25. Qd7 Rae8 26. Ng3 Rxe1+ 27. Rxe1 f4 28.
Ne4 Nc2 29. h5 Qxh5 30. Rd1 f3 31. Be7 Rg8 32. Ng3 Qh7 33. gxf3 Be5 34. Qe6
Bxb2 35. Kg2 Qg6 36. Rh1+ Kg7 37. Qd7 Qe8 38. Qe6 Qg6 39. Qd7 Qe8 40. Bf6+ Kxf6
41. Rh6+ Kg5 42. Qh3 Ne1+ 43. Kf1 Nxf3 44. Rh5+ Kf6 45. Qf5+ Ke7 46. Qxf3 Kd8
47. Rh7 Rg7 48. Rh6 Kc7 49. Qd3 Be5 50. Qe3 Kb7 51. Ne4 Re7 52. Nc5+ Ka8 53.
Nxa6 Bb8 54. Qd2 Rd7 55. Qc2 Rd6 56. Rh3 Qd7 57. Qb3 Rd1+ 58. Kg2 Qg4+ 59. Rg3
Bxg3 60. Qxg3 Qxg3+ 61. Kxg3 Kb7 62. Nc5+ Kc7 63. f4 Ra1 64. f5 Kd6 0-1